Memória sobre a viagem do porto de Santos à cidade de Cuiabá / (Record no. 1403)
[ view plain ]
| 000 -LÍDER | |
|---|---|
| Campo Fixo de Controle | 00944nam a2200277 a 4500 |
| 001 - NÚMERO DE CONTROLE | |
| Campo de Controle | 1403 |
| 003 - IDENTIFICAÇÃO DO NÚMERO DE CONTROLE | |
| Campo de Controle | BR-CuiBMT |
| 005 - DATA E HORA DA ÚLTIMA ATUALIZAÇÃO | |
| Campo de Controle | 20231206213124.0 |
| 008 - DADOS FIXOS | |
| Dados Fixos | 231206s2006 dfba 001 0 por d |
| 040 ## - AGÊNCIA CATALOGADORA | |
| Código da Agência Catalogadora | BR-CuiBMT |
| Agência que transcreveu o registro | BR-CuiBMT |
| 080 ## - Nº DA CLASSIFICAÇÃO DECIMAL UNIVERSAL | |
| Nº edição CDU | 2007 |
| Nº Class. CDU | 910.4 |
| Subd. Auxiliar Comum | (817.2) |
| 090 ## - NÚMERO DE CHAMADA | |
| Nº classificação | 910.4(817.2) |
| Cutter | A411m |
| 100 1# - ENTRADA PRINCIPAL -- AUTOR PESSOAL | |
| Nome pessoal | Alincourt, Luis d', |
| Datas associadas ao nome | 1787-1841 |
| 245 ## - TÍTULO PRINCIPAL | |
| Título principal | Memória sobre a viagem do porto de Santos à cidade de Cuiabá / |
| Indicação de responsabilidade | Luís d'Alincourt. |
| 260 ## - PUBLICAÇÃO, DISTRIBUIÇÃO, ETC. | |
| Local de publicação | Brasília : |
| Editora | Senado Federal, |
| Data | 2006. |
| 300 ## - DESCRIÇÃO FÍSICA | |
| N. páginas ou volumes | 149 p.: |
| Ilustrações | il. |
| Dimensões | 23 cm |
| 490 ## - INDICAÇÃO DE SÉRIE | |
| Título da série | Edições do Senado Federal ; |
| Volume/designação sequencial da série | v.69 |
| 504 ## - NOTA DE BIBLIOGRAFIA, ETC. | |
| Nota de bibliografia | Inclui índice. |
| 650 ## - ASSUNTO TÓPICO | |
| Cabeçalho tópico ou nome geográfico | Mato Grosso |
| Subdivisão geral | descrições e viagens |
| 651 ## - ASSUNTO -- NOME GEOGRÁFICO | |
| Nome geográfico | Brasil |
| Subdivisão geral | Descrições e viagens |
| 651 ## - ASSUNTO -- NOME GEOGRÁFICO | |
| Nome geográfico | São Paulo (SP) |
| Subdivisão geral | Descrições e viagens |
| 651 ## - ASSUNTO -- NOME GEOGRÁFICO | |
| Nome geográfico | Mato Grosso |
| Subdivisão geral | Descrições e viagens |
| 710 ## - ENTRADA SECUNDÁRIA -- ENTIDADE | |
| Nome da entidade ou lugar | Brasil |
| Unidade subordinada | Congresso Nacional |
| -- | Senado Federal |
| 830 ## - ENTRADA SECUNDÁRIA DE SÉRIE -- TÍTULO UNIFORME | |
| Título uniforme | Edições do Senado Federal |
| Nº do volume/designação sequencial da série | 69 |
| 942 ## - ELEMENTOS DE ENTRADA ADICIONAIS (KOHA) | |
| Fonte de classificação ou esquema de arquivamento | Classificação Decimal Universal |
| Tipo de item do Koha | Livros |
| Estado: removido | Estado: perdido | Fonte de classificação ou esquema de arquivamento | Estado: danificado | Indisponível para empréstimo | Localização permanente | Localização atual | Data de aquisição | Total Checkouts | Número de Chamada completo | Código de barras | Date last seen | Número do exemplar | Preço efetivo a partir de | Tipo de item (Koha) |
|---|---|---|---|---|---|---|---|---|---|---|---|---|---|---|
| Classificação Decimal Universal | Biblioteca da Escola Superior de Contas do TCE/MT | Biblioteca da Escola Superior de Contas do TCE/MT | 06/12/2023 | 910.4(817.2) D411m | BIBTCEMT23120285 | 06/12/2023 | Ex. 1 | 06/12/2023 | Livros |